Development, geography, and economic theory (Record no. 148636)

MARC details
000 -LEADER
fixed length control field 00584nam a2200205Ia 4500
008 - FIXED-LENGTH DATA ELEMENTS--GENERAL INFORMATION
fixed length control field 191130s1997##################000#0#eng##
020 ## - INTERNATIONAL STANDARD BOOK NUMBER
ISBN 9780262611350
082 ## - DEWEY DECIMAL CLASSIFICATION NUMBER
Classification number 338.9 KRU
100 ## - MAIN ENTRY--AUTHOR NAME
Personal name Krugman, Paul
245 ## - TITLE STATEMENT
Title Development, geography, and economic theory
Statement of responsibility, etc Paul Krugman
260 ## - PUBLICATION, DISTRIBUTION, ETC. (IMPRINT)
Place of publication London
Name of publisher [publisher not identified]
Year of publication 1997
300 ## - PHYSICAL DESCRIPTION
Number of Pages ix, 117p. : maps
500 ## - GENERAL NOTE
General note Includes index
650 ## - SUBJECT ADDED ENTRY--TOPICAL TERM
Topical Term Development economics
Topical Term Economic geography
991 ## -
-- 199282
Holdings
Withdrawn status Lost status Damaged status Not for loan Home library Current library Shelving location Date acquired Full call number Accession Number Price effective from Koha item type
        Anna Centenary Library Anna Centenary Library 4TH FLOOR, A WING 12.10.2020 338.9 KRU 463204 12.10.2020 English Books

Find us on the map